[Event "Challenge"]
[Site "http://www.queenalice.com/game.php?id=631797"]
[Date "2009.8.6"]
[Round "-"]
[White "afonso092"]
[Black "pedroflor"]
[Result "1-0"]
[WhiteElo "2120"]
[BlackElo "1660"]

1. e4 c5 2. Nf3 d6 3. h3 Nc6 4. d4 cxd4 5. Nxd4 a6 6. Nxc6 bxc6 7. Bc4 e6 8. O-O
d5 9. exd5 cxd5 10. Bd3 Nf6 11. Bg5 Be7 12. Nd2 O-O 13. Nf3 Qc7 14. c3 Bb7 15.
Qc2 Ne4 16. Bxe7 Qxe7 17. Rae1 Rac8 18. Bxe4 dxe4 19. Nh2 Qg5 20. f3 exf3 21.
Nxf3 Qg3 22. Re3 Rc5 23. Rfe1 Rd8 24. Nd4 Qh4 25. Qb3 Ba8 26. Qb6 Rdc8 27. Qxa6
Bd5 28. a3 h6 29. Qe2 Rc4 30. Nc2 Qf6 31. Rf1 Rf4 32. Rxf4 Qe7 33. Nb4 Bb3 34.
Rd4 Qc5 35. Qd2 Re8 36. Kh1 Qf5 37. Re1 Qf6 38. Nc6 e5 39. Rd6 Qf5 40. Rd8 Rxd8
41. Qxd8+ Kh7 42. Ne7 Qf2 43. Qg8# 1-0

[Event "Challenge"]
[Site "http://www.queenalice.com/game.php?id=631927"]
[Date "2009.8.7"]
[Round "-"]
[White "dogdaddy"]
[Black "pedroflor"]
[Result "1-0"]
[WhiteElo "2002"]
[BlackElo "1500"]

1. e4 c5 2. Nf3 d6 3. c3 Bg4 4. h3 Bh5 5. g4 Bg6 6. Qa4+ Nd7 7. e5 a6 8. Qf4
dxe5 9. Nxe5 Nxe5 10. Qxe5 Qb6 11. Bc4 e6 12. O-O Be7 13. b3 Nf6 14. d4 cxd4 15.
Qxd4 Qc7 16. Bf4 Qc6 17. Nd2 Rd8 18. Qe3 1-0

[Event "AUTO-OPEN-1649"]
[Site "http://www.queenalice.com/game.php?id=631947"]
[Date "2009.8.7"]
[Round "1"]
[White "ivdsantacruz"]
[Black "pedroflor"]
[Result "0-1"]
[WhiteElo "1863"]
[BlackElo "1636"]

1. e4 c5 2. Nc3 d6 3. Nf3 Bg4 4. Be2 Nc6 5. d3 Nf6 6. Bg5 e6 7. h3 Bxf3 8. Bxf3
Be7 9. e5 dxe5 10. Bxc6+ bxc6 11. Qf3 Qc7 12. O-O Rd8 13. a3 O-O 14. Bxf6 Bxf6
15. Rad1 Rd7 16. Ne4 Be7 17. c4 Rd4 18. Rfe1 Rfd8 19. g3 h6 20. Nc3 Bf6 21. Re4
a5 22. Rg4 Rxg4 23. hxg4 Rd4 24. Ne4 Be7 25. Kg2 Qd7 26. g5 hxg5 27. Qh5 f5 28.
Nxg5 Bxg5 29. Qxg5 Rxc4 30. dxc4 Qxd1 31. Qe7 Qd4 32. Qxe6+ Kh8 33. Qc8+ Kh7 34.
Qxf5+ g6 35. Qc8 Qxc4 36. Qxc6 Qd4 37. Qc7+ Kh6 38. Qxa5 Qe4+ 39. f3 Qe2+ 40.
Kh3 Qxf3 41. Qxc5 Qh1+ 42. Kg4 Qh5# 0-1

[Event "AUTO-OPEN-1649"]
[Site "http://www.queenalice.com/game.php?id=631948"]
[Date "2009.8.7"]
[Round "1"]
[White "pedroflor"]
[Black "ivdsantacruz"]
[Result "1-0"]
[WhiteElo "1692"]
[BlackElo "1924"]

1. d4 Nf6 2. e3 d5 3. c4 dxc4 4. Bxc4 e6 5. Nf3 Nc6 6. O-O a6 7. Bd2 Bd6 8. Nc3
h6 9. a3 b5 10. Ba2 g5 11. h3 g4 12. hxg4 Nxg4 13. Ne4 Nh2 14. Nxd6+ cxd6 15.
Nxh2 e5 16. Qf3 Qd7 17. dxe5 Rg8 18. exd6 Bb7 19. Bd5 Ne5 20. Qe4 Qxd6 21. Bxb7
Rd8 22. Bc3 f6 23. Rad1 Qc7 24. Rxd8+ Qxd8 25. Bc6+ Kf8 26. Bxe5 fxe5 27. Qf5+
1-0

[Event "AUTO-OPEN-1649"]
[Site "http://www.queenalice.com/game.php?id=631971"]
[Date "2009.8.7"]
[Round "1"]
[White "pedroflor"]
[Black "thomas01"]
[Result "1-0"]
[WhiteElo "1602"]
[BlackElo "1493"]

1. d4 c6 2. e3 Qa5+ 3. c3 e6 4. Bd2 Nf6 5. Nf3 Bd6 6. h3 Ne4 7. Bd3 Nxd2 8.
Nbxd2 b5 9. b4 Qa3 10. O-O Qxc3 11. Nb3 Qxb4 12. Qc2 Be7 13. Ne5 O-O 14. Bxh7+
Kh8 15. Be4 Bb7 16. Bf3 d6 17. Nd3 Qc4 18. Qd2 f5 19. Rac1 Qa4 20. Nf4 Rf6 21.
Na5 e5 22. Nh5 Rg6 23. Nxb7 Qa6 24. Na5 Bd8 25. Nb3 e4 26. Be2 Qb7 27. Nf4 Rg5
28. Qb4 Be7 29. d5 c5 30. Qxb5 Qxb5 31. Bxb5 a6 32. Be2 Nd7 33. Nd2 Nf6 34. Nc4
a5 35. Rb1 Nd7 36. Rb7 1-0

[Event "AUTO-OPEN-1649"]
[Site "http://www.queenalice.com/game.php?id=631972"]
[Date "2009.8.7"]
[Round "1"]
[White "thomas01"]
[Black "pedroflor"]
[Result "0-1"]
[WhiteElo "1453"]
[BlackElo "1660"]

1. b4 e6 2. b5 d5 3. e3 Bd7 4. Bb2 c6 5. Na3 Qa5 6. Bc3 Qxa3 7. Nf3 cxb5 8. Ne5
Nf6 9. Nxd7 Nbxd7 10. Bxb5 Be7 11. Qb1 O-O 12. Qb3 Nb6 13. Bb2 Qxb3 14. axb3 a6
15. Bd3 Rac8 16. c3 Rc7 17. h4 h6 18. Ba3 Bxa3 19. Rxa3 Rd8 20. b4 Nc4 21. Ra2
Ng4 22. f3 Nge5 23. Bc2 Rdc8 24. f4 Ng4 25. Bd1 Ngxe3 26. dxe3 Nxe3 27. Bh5 Rxc3
0-1

[Event "AUTO-OPEN-1649"]
[Site "http://www.queenalice.com/game.php?id=631973"]
[Date "2009.8.7"]
[Round "1"]
[White "pedroflor"]
[Black "martusdog"]
[Result "1-0"]
[WhiteElo "1626"]
[BlackElo "1738"]

1. e4 e5 2. d3 Bc5 3. Nf3 Nc6 4. Be2 h6 5. h3 d5 6. exd5 Qxd5 7. Bd2 Be6 8. Nc3
Qd6 9. Ne4 Qe7 10. c3 Nf6 11. Nxc5 Qxc5 12. Be3 Qe7 13. Qc2 Bf5 14. O-O-O O-O-O
15. Qa4 Kb8 16. d4 exd4 17. cxd4 Nb4 18. Bc4 Qe4 19. Nd2 Nxa2+ 20. Bxa2 Rd6 21.
Nxe4 1-0

[Event "AUTO-OPEN-1649"]
[Site "http://www.queenalice.com/game.php?id=631974"]
[Date "2009.8.7"]
[Round "1"]
[White "martusdog"]
[Black "pedroflor"]
[Result "1-0"]
[WhiteElo "1695"]
[BlackElo "1644"]

1. g3 d5 2. Bg2 c6 3. Nf3 Qc7 4. d4 e6 5. O-O Nf6 6. Ne5 Nbd7 7. f4 Ne4 8. Bxe4
dxe4 9. e3 g6 10. Nc3 f5 11. g4 Bg7 12. gxf5 exf5 13. b3 Nxe5 14. dxe5 Be6 15.
Ne2 O-O 16. b4 Rad8 17. Nd4 Qf7 18. a4 a6 19. a5 Rd7 20. Ba3 Rfd8 21. c3 Bf8 22.
Qc2 Bg7 23. Nxe6 Qxe6 24. Rad1 Rd3 25. Bb2 Qc4 26. Rxd3 exd3 27. Qd2 h6 28. h4
Kf7 29. Rf3 Ke6 30. Rg3 Kf7 31. Bc1 h5 32. Rg2 Bf8 33. Qe1 Be7 34. Bd2 1-0

[Event "Challenge"]
[Site "http://www.queenalice.com/game.php?id=632774"]
[Date "2009.8.8"]
[Round "-"]
[White "DanizinhaBH"]
[Black "pedroflor"]
[Result "0-1"]
[WhiteElo "1741"]
[BlackElo "1500"]

1. e4 c5 2. d4 cxd4 3. Qxd4 d6 4. b3 Nc6 5. Bb5 Bd7 6. Bxc6 Bxc6 7. Bb2 e5 8.
Qc4 Be7 9. f4 Bf6 10. fxe5 Bxe5 11. Nf3 Bxb2 12. O-O Nf6 13. Nbd2 O-O 14. Rae1
Re8 15. Ng5 Be5 16. Qxf7+ Kh8 17. Rf3 Rf8 18. Qc4 Qb6+ 19. Kh1 h6 20. Nf7+ Kh7
21. Ree3 Qa5 22. b4 Qb6 23. Rd3 Bb5 24. Qe6 Bxd3 25. cxd3 Qxb4 26. Nf1 Qd4 27.
g4 Rae8 28. Ng5+ hxg5 29. Rh3+ Kg6 30. Qf5+ Kf7 31. Qxg5 Qf2 32. Qc1 Nxg4 33.
Qg5 Qxf1# 0-1

[Event "Challenge"]
[Site "http://www.queenalice.com/game.php?id=647325"]
[Date "2009.9.4"]
[Round "-"]
[White "JOROVAS"]
[Black "pedroflor"]
[Result "1-0"]
[WhiteElo "1657"]
[BlackElo "1664"]

1. d4 d5 2. e3 Bf5 3. Nc3 Nf6 4. f3 c6 5. g4 Bg6 6. h4 h6 7. Nce2 Qc7 8. Qd2 e5
9. h5 Bh7 10. dxe5 Qxe5 11. Nh3 Be7 12. c3 Ne4 13. fxe4 Bxe4 14. Rg1 Bh4+ 15.
Nf2 Qh2 16. Kd1 Qxf2 17. b4 Nd7 18. Bb2 Nf6 19. Bh3 Bf3 20. Re1 Ne4 21. Qd3
Qxe1+ 22. Kc2 Qxe2+ 23. Qxe2 Bxe2 24. a3 O-O 25. Bg2 Ng3 26. a4 a6 27. Ba3 Bf6
28. b5 Rfc8 29. Bd6 Bxg4 30. Bxg3 Bxh5 31. b6 Bg6+ 32. Kd2 Re8 33. Re1 Rad8 34.
a5 Re7 35. Bf1 Be4 36. Kc1 Bxc3 37. Bc7 Rde8 38. Re2 Bd3 39. Rf2 Rxe3 40. Bxd3
Rxd3 41. Rg2 Re1+ 42. Kc2 Rh3 43. Bg3 1-0

[Event "Challenge"]
[Site "http://www.queenalice.com/game.php?id=648646"]
[Date "2009.9.7"]
[Round "-"]
[White "pedroflor"]
[Black "alvinho"]
[Result "1-0"]
[WhiteElo "1647"]
[BlackElo "1568"]

1. d4 Nc6 2. e3 e5 3. d5 Nce7 4. e4 Nf6 5. f3 c6 6. dxc6 Nxc6 7. Nc3 Bb4 8. Bd2
O-O 9. a3 Bxc3 10. Bxc3 d6 11. Bd3 d5 12. exd5 Nxd5 13. Ne2 Ne3 14. Qd2 Nxg2+
15. Kf2 Bh3 16. Rag1 Qh4+ 17. Ng3 Rad8 18. Rxg2 Bxg2 19. Kxg2 Nd4 20. Re1 Rfe8
21. Re4 Qf6 22. Bxd4 exd4 23. Qe2 g6 24. Rxe8+ Rxe8 25. Qxe8+ Kg7 26. Qe4 Qb6
27. b3 a5 28. Qe5+ Kf8 29. Qh8+ Ke7 30. Qxh7 a4 31. Bc4 axb3 32. Qxf7+ Kd6 33.
Ne4+ Kc6 34. Qxg6+ Kc7 35. Qxb6+ Kb8 36. Bxb3 Ka8 37. Nc5 d3 38. Qxb7# 1-0

[Event "Challenge"]
[Site "http://www.queenalice.com/game.php?id=676009"]
[Date "2009.11.1"]
[Round "-"]
[White "pedroflor"]
[Black "Fernando_cun"]
[Result "1-0"]
[WhiteElo "1666"]
[BlackElo "1662"]

1. d4 d5 2. e3 a6 3. Nf3 Bg4 4. Be2 Bxf3 5. Bxf3 Nc6 6. Nc3 g6 7. Nxd5 e6 8. Nf4
Bb4+ 9. c3 Ba5 10. O-O Nge7 11. b4 Bb6 12. a4 a5 13. b5 Na7 14. Bxb7 Rb8 15. Bf3
Nd5 16. Nxd5 exd5 17. Ba3 h5 18. Qd3 h4 19. h3 c6 20. c4 Bc7 21. Rab1 dxc4 22.
Qe4+ Kd7 23. bxc6+ Kc8 24. Bg4+ f5 25. Qe6+ 1-0

[Event "Challenge"]
[Site "http://www.queenalice.com/game.php?id=681515"]
[Date "2009.11.11"]
[Round "-"]
[White "sioux"]
[Black "pedroflor"]
[Result "1-0"]
[WhiteElo "1581"]
[BlackElo "1678"]

1. d4 d5 2. e3 e6 3. Nf3 Nf6 4. c3 c5 5. Bb5+ Nbd7 6. b3 a6 7. Bxd7+ Bxd7 8. Ba3
b6 9. dxc5 bxc5 10. O-O Be7 11. Bb2 O-O 12. a4 Qc7 13. h3 Rfd8 14. Nbd2 Bc6 15.
c4 dxc4 16. bxc4 Ne4 17. Qc1 1-0

[Event "Challenge"]
[Site "http://www.queenalice.com/game.php?id=685896"]
[Date "2009.11.20"]
[Round "-"]
[White "JOROVAS"]
[Black "pedroflor"]
[Result "1-0"]
[WhiteElo "1639"]
[BlackElo "1688"]

1. e4 d6 2. d3 e5 3. f3 Nc6 4. c3 Nf6 5. Ne2 Be7 6. Ng3 O-O 7. Be2 d5 8. d4 Be6
9. O-O exd4 10. cxd4 dxe4 11. Be3 exf3 12. Bxf3 Bd5 13. Nf5 Re8 14. Ng3 Qc8 15.
Bxd5 Nxd5 16. Qb3 Qe6 17. Bc1 Nxd4 18. Qd3 Bf6 19. Ne4 1-0